[Event "ODJM B 2018"]
[Site "Willingen GER"]
[Date "2018.05.26"]
[Round "9"]
[White "Walow, Xenia"]
[Black "Kovac, Linda"]
[Result "0-1"]
[Termination "normal"]
[Board "6"]
[WhiteElo "1742"]
[BlackElo "1629"]
[WhiteClock "00:35:10"]
[BlackClock "00:23:03"]
[PlyCount "68"]
[WhiteFideId "12971839"]
[BlackFideId "12938815"]
[EventCountry "GER"]
[EventRounds "9"]
[EventType "swiss"]
[EventDate "2018.05.19"]

1. d4 {[%clk 1:30:58]} 1... Nf6 {[%clk 1:30:50]} 2. Bf4 {[%clk 1:31:23]} 2...
g6 {[%clk 1:30:57]} 3. e3 {[%clk 1:31:48]} 3... Bg7 {[%clk 1:31:09]} 4. Nf3 {
[%clk 1:32:03]} 4... d6 {[%clk 1:31:16]} 5. h3 {[%clk 1:31:54]} 5... O-O {
[%clk 1:31:11]} 6. c4 {[%clk 1:31:29]} 6... Nbd7 {[%clk 1:30:23]} 7. Nc3 {
[%clk 1:31:36]} 7... a6 {[%clk 1:27:45]} 8. Be2 {[%clk 1:31:24]} 8... Qe8 {
[%clk 1:20:12]} 9. O-O {[%clk 1:29:23]} 9... e5 {[%clk 1:18:19]} 10. Bh2 {
[%clk 1:29:12]} 10... Rb8 {[%clk 1:15:21]} 11. Qa4 {[%clk 1:23:16]} 11... Qe7 {
[%clk 1:02:58]} 12. Rfd1 {[%clk 1:15:07]} 12... b6 {[%clk 0:59:05]} 13. d5 {
[%clk 1:13:06]} 13... Nc5 {[%clk 0:58:06]} 14. Qc2 {[%clk 1:09:55]} 14... Bf5 {
[%clk 0:57:38]} 15. Qd2 {[%clk 1:07:35]} 15... Nce4 {[%clk 0:56:34]} 16. Nxe4 {
[%clk 1:04:20]} 16... Nxe4 {[%clk 0:56:43]} 17. Qc1 {[%clk 1:03:42]} 17... Ng5
{[%clk 0:53:50]} 18. Bg3 {[%clk 0:55:58]} 18... Nxf3+ {[%clk 0:50:54]} 19. Bxf3
{[%clk 0:56:08]} 19... Bd7 {[%clk 0:50:13]} 20. Qc2 {[%clk 0:55:19]} 20... f5 {
[%clk 0:50:01]} 21. Re1 {[%clk 0:53:05]} 21... Qf6 {[%clk 0:48:39]} 22. Rab1 {
[%clk 0:52:49]} 22... f4 {[%clk 0:41:58]} 23. Bh2 {[%clk 0:52:06]} 23... fxe3 {
[%clk 0:41:43]} 24. Rxe3 {[%clk 0:50:52]} 24... Bh6 {[%clk 0:41:02]} 25. Re2 {
[%clk 0:51:00]} 25... Bxh3 {[%clk 0:40:54]} 26. Qc3 {[%clk 0:47:55]} 26... Bf5
{[%clk 0:38:00]} 27. Rbe1 {[%clk 0:47:36]} 27... Rbe8 {[%clk 0:35:57]} 28. Bg3
{[%clk 0:45:03]} 28... Bg5 {[%clk 0:27:19]} 29. Qa3 {[%clk 0:40:15]} 29... a5 {
[%clk 0:26:50]} 30. Qc3 {[%clk 0:40:31]} 30... h5 {[%clk 0:27:06]} 31. Bh2 {
[%clk 0:39:14]} 31... h4 {[%clk 0:26:30]} 32. Kh1 {[%clk 0:38:20]} 32... Kg7 {
[%clk 0:24:19]} 33. Rf1 {[%clk 0:36:56]} 33... e4 {[%clk 0:23:51]} 34. Bxe4 {
[%clk 0:35:10]} 34... Rxe4 {[%clk 0:23:03]} 0-1

[Event "ODJM B 2018"]
[Site "Willingen GER"]
[Date "2018.05.26"]
[Round "9"]
[White "Grunert, Wilhelm"]
[Black "Thorz, Maximilian"]
[Result "1-0"]
[Termination "normal"]
[Board "7"]
[WhiteElo "1607"]
[BlackElo "1639"]
[WhiteClock "01:23:53"]
[BlackClock "01:14:22"]
[PlyCount "79"]
[WhiteFideId "12995673"]
[BlackFideId "16220668"]
[EventCountry "GER"]
[EventRounds "9"]
[EventType "swiss"]
[EventDate "2018.05.19"]

1. e4 {[%clk 1:30:58]} 1... c5 {[%clk 1:30:21]} 2. Nf3 {[%clk 1:31:18]} 2... d6
{[%clk 1:30:38]} 3. d4 {[%clk 1:31:43]} 3... cxd4 {[%clk 1:30:51]} 4. Qxd4 {
[%clk 1:32:07]} 4... Nc6 {[%clk 1:30:29]} 5. Bb5 {[%clk 1:32:10]} 5... Bd7 {
[%clk 1:30:55]} 6. Bxc6 {[%clk 1:32:01]} 6... Bxc6 {[%clk 1:31:22]} 7. Nc3 {
[%clk 1:31:40]} 7... Nf6 {[%clk 1:31:43]} 8. Bg5 {[%clk 1:31:50]} 8... Qb6 {
[%clk 1:31:40]} 9. O-O-O {[%clk 1:29:56]} 9... h6 {[%clk 1:31:26]} 10. Bxf6 {
[%clk 1:29:32]} 10... gxf6 {[%clk 1:31:54]} 11. Qxb6 {[%clk 1:27:26]} 11...
axb6 {[%clk 1:32:23]} 12. Nd4 {[%clk 1:27:39]} 12... Bd7 {[%clk 1:32:33]} 13.
Kb1 {[%clk 1:27:43]} 13... Bg7 {[%clk 1:29:49]} 14. Nd5 {[%clk 1:27:42]} 14...
Ra5 {[%clk 1:25:50]} 15. Nxb6 {[%clk 1:25:49]} 15... Bg4 {[%clk 1:25:05]} 16.
f3 {[%clk 1:26:02]} 16... Bh5 {[%clk 1:25:34]} 17. Nf5 17... Rg8 { [%clk
1:24:17]} 18. Nd5 {[%clk 1:25:06]} 18... Bf8 {[%clk 1:24:14]} 19. Nxd6+ { [%clk
1:24:23]} 19... exd6 {[%clk 1:24:03]} 20. Nxf6+ {[%clk 1:24:43]} 20... Ke7
{[%clk 1:24:16]} 21. Nxg8+ {[%clk 1:25:09]} 21... Ke6 {[%clk 1:24:00]} 22. Rd5
{[%clk 1:25:03]} 22... Rxd5 {[%clk 1:24:07]} 23. exd5+ {[%clk 1:25:29]} 23...
Ke5 {[%clk 1:23:57]} 24. Re1+ {[%clk 1:25:34]} 24... Kd4 {[%clk 1:23:47]} 25.
c3+ {[%clk 1:25:10]} 25... Kc5 {[%clk 1:24:15]} 26. Kc1 {[%clk 1:24:46]} 26...
Bg6 {[%clk 1:24:08]} 27. Ne7 {[%clk 1:24:24]} 27... Bh7 {[%clk 1:21:39]} 28. g4
{[%clk 1:23:46]} 28... Bg7 {[%clk 1:19:55]} 29. f4 {[%clk 1:23:46]} 29... Bf6
{[%clk 1:19:53]} 30. Nf5 {[%clk 1:24:05]} 30... h5 {[%clk 1:18:39]} 31. g5
{[%clk 1:22:47]} 31... Bd8 {[%clk 1:14:38]} 32. Re8 {[%clk 1:22:40]} 32... Bxg5
{[%clk 1:12:22]} 33. fxg5 {[%clk 1:22:23]} 33... Bxf5 { [%clk 1:12:49]} 34. Re7
{[%clk 1:22:38]} 34... Bg6 {[%clk 1:13:18]} 35. Rxb7 { [%clk 1:22:56]} 35...
Kxd5 {[%clk 1:13:46]} 36. a4 {[%clk 1:23:09]} 36... Kc6 { [%clk 1:13:49]} 37.
Rb4 {[%clk 1:23:21]} 37... Bf5 {[%clk 1:13:58]} 38. Rf4 { [%clk 1:23:32]} 38...
Be6 {[%clk 1:14:21]} 39. b4 {[%clk 1:23:55]} 39... d5 { [%clk 1:14:22]} 40. Rh4
{[%clk 1:23:53]} 1-0

[Event "ODJM B 2018"]
[Site "Willingen GER"]
[Date "2018.05.26"]
[Round "9"]
[White "Yeremyan, Nazik"]
[Black "Strack, Patrick"]
[Result "1-0"]
[Termination "normal"]
[Board "8"]
[WhiteElo "1681"]
[BlackElo "1742"]
[WhiteClock "00:10:25"]
[BlackClock "00:09:56"]
[PlyCount "195"]
[WhiteFideId "13311468"]
[BlackFideId "16266021"]
[EventCountry "GER"]
[EventRounds "9"]
[EventType "swiss"]
[EventDate "2018.05.19"]

1. d4 {[%clk 1:30:58]} 1... d5 {[%clk 1:30:55]} 2. c4 {[%clk 1:31:26]} 2... e6
{[%clk 1:31:21]} 3. Nc3 {[%clk 1:31:54]} 3... c5 {[%clk 1:31:44]} 4. e3 { [%clk
1:28:41]} 4... Nf6 {[%clk 1:31:35]} 5. Nf3 {[%clk 1:28:40]} 5... Nc6 { [%clk
1:31:51]} 6. Be2 {[%clk 1:27:53]} 6... Be7 {[%clk 1:25:54]} 7. O-O { [%clk
1:28:14]} 7... O-O {[%clk 1:25:44]} 8. b3 {[%clk 1:25:01]} 8... b6 { [%clk
1:20:48]} 9. Bb2 {[%clk 1:25:00]} 9... Bb7 {[%clk 1:20:51]} 10. Rc1 { [%clk
1:24:15]} 10... cxd4 {[%clk 1:16:55]} 11. exd4 {[%clk 1:20:21]} 11... dxc4
{[%clk 1:15:52]} 12. bxc4 {[%clk 1:18:39]} 12... Rc8 {[%clk 1:14:53]} 13. Qd2
{[%clk 1:04:42]} 13... Bb4 {[%clk 0:59:46]} 14. Rfd1 {[%clk 0:59:55]} 14... Qe7
{[%clk 0:54:58]} 15. Qc2 {[%clk 0:56:17]} 15... Rfd8 {[%clk 0:52:42]} 16. Bf1
{[%clk 0:47:12]} 16... Na5 {[%clk 0:43:17]} 17. Ne5 {[%clk 0:45:54]} 17... Nd7
{[%clk 0:42:16]} 18. Nxd7 {[%clk 0:36:29]} 18... Rxd7 {[%clk 0:42:37]} 19. Ne4
{[%clk 0:35:58]} 19... Nxc4 {[%clk 0:34:17]} 20. Bxc4 {[%clk 0:35:51]} 20... b5
{[%clk 0:34:37]} 21. Nc5 {[%clk 0:29:33]} 21... Bxc5 {[%clk 0:29:36]} 22. Bxb5
{[%clk 0:29:10]} 22... Qg5 {[%clk 0:28:28]} 23. Bf1 {[%clk 0:27:15]} 23... Bd6
{[%clk 0:24:34]} 24. Qa4 {[%clk 0:25:03]} 24... Rxc1 {[%clk 0:20:06]} 25. Bxc1
{[%clk 0:24:40]} 25... Qe7 {[%clk 0:18:29]} 26. Be3 {[%clk 0:18:14]} 26... Rc7
{[%clk 0:10:57]} 27. Qxa7 {[%clk 0:18:09]} 27... Qd8 {[%clk 0:05:19]} 28. Qb6
{[%clk 0:15:38]} 28... Qe7 {[%clk 0:02:56]} 29. a4 {[%clk 0:13:59]} 29... Bd5
{[%clk 0:02:00]} 30. Qb8+ {[%clk 0:14:04]} 30... Qf8 {[%clk 0:02:23]} 31. Qxf8+
{[%clk 0:14:19]} 31... Kxf8 {[%clk 0:02:43]} 32. a5 {[%clk 0:14:42]} 32... Ke7
{[%clk 0:02:14]} 33. a6 {[%clk 0:13:58]} 33... Kd7 {[%clk 0:02:21]} 34. Rb1
{[%clk 0:10:55]} 34... Ra7 {[%clk 0:01:14]} 35. f3 {[%clk 0:10:17]} 35... Kc7
{[%clk 0:00:56]} 36. Bd2 {[%clk 0:09:48]} 36... Be7 {[%clk 0:00:42]} 37. Ba5+
{[%clk 0:09:38]} 37... Kc8 {[%clk 0:00:35]} 38. Bb6 {[%clk 0:09:32]} 38... Ra8
{[%clk 0:01:00]} 39. Bb5 {[%clk 0:05:37]} 39... Bg5 {[%clk 0:00:43]} 40. Kf2
{[%clk 0:03:25]} 40... Rb8 {[%clk 0:00:34]} 41. Ba5 {[%clk 0:28:46]} 41... Ra8
{[%clk 0:23:54]} 42. Rb2 {[%clk 0:21:56]} 42... f5 {[%clk 0:16:25]} 43. Bb6
{[%clk 0:15:42]} 43... Bf6 {[%clk 0:15:03]} 44. Ke3 {[%clk 0:10:24]} 44... Bg5+
{[%clk 0:10:19]} 45. Kd3 {[%clk 0:08:35]} 45... Bf4 {[%clk 0:09:42]} 46. h3
{[%clk 0:07:26]} 46... Bg3 {[%clk 0:08:10]} 47. Rc2+ {[%clk 0:04:47]} 47... Kb8
{[%clk 0:08:32]} 48. Rc3 {[%clk 0:02:43]} 48... h5 {[%clk 0:06:19]} 49. h4
{[%clk 0:01:21]} 49... Bd6 {[%clk 0:05:09]} 50. Rc1 {[%clk 0:00:57]} 50... Bf4
{[%clk 0:04:59]} 51. Rc3 {[%clk 0:00:56]} 51... Bd6 {[%clk 0:05:14]} 52. Ke3
{[%clk 0:00:56]} 52... Bg3 {[%clk 0:02:33]} 53. Rc1 {[%clk 0:00:42]} 53... g6
{[%clk 0:00:41]} 54. Kd3 {[%clk 0:00:35]} 54... Bf4 {[%clk 0:00:37]} 55. Rc3
{[%clk 0:00:40]} 55... Bg3 {[%clk 0:00:54]} 56. Rc5 {[%clk 0:00:34]} 56... Bd6
{[%clk 0:00:58]} 57. Rc3 {[%clk 0:00:40]} 57... Bg3 {[%clk 0:01:09]} 58. Rc1
{[%clk 0:00:34]} 58... Bf4 {[%clk 0:01:31]} 59. Rc2 {[%clk 0:00:43]} 59... Bb3
{[%clk 0:00:45]} 60. Rb2 {[%clk 0:00:38]} 60... Bd5 {[%clk 0:01:07]} 61. Bc5
{[%clk 0:00:33]} 61... Kc7 {[%clk 0:00:53]} 62. a7 {[%clk 0:00:46]} 62... Bg3
{[%clk 0:00:35]} 63. Bc4 {[%clk 0:00:37]} 63... Bxc4+ {[%clk 0:00:32] } 64.
Kxc4 {[%clk 0:01:04]} 64... Bxh4 {[%clk 0:00:55]} 65. Kb5 {[%clk 0:00:59] }
65... Bg3 {[%clk 0:00:44]} 66. Ka6 {[%clk 0:01:09]} 66... g5 {[%clk 0:00:39]}
67. Bb6+ {[%clk 0:01:27]} 67... Kc6 {[%clk 0:00:32]} 68. Rc2+ {[%clk 0:01:50]}
68... Kd5 {[%clk 0:00:44]} 69. Rc5+ {[%clk 0:01:34]} 69... Kd6 {[%clk 0:00:56]}
70. Bc7+ {[%clk 0:01:59]} 70... Kd7 {[%clk 0:00:58]} 71. Bxg3 {[%clk 0:02:25]}
71... f4 {[%clk 0:00:37]} 72. Kb7 {[%clk 0:01:56]} 72... Rxa7+ {[%clk 0:01:01]}
73. Kxa7 {[%clk 0:02:23]} 73... fxg3 {[%clk 0:00:57]} 74. Rxg5 {[%clk 0:02:43]}
74... h4 {[%clk 0:01:08]} 75. Rh5 {[%clk 0:03:05]} 75... Kd6 {[%clk 0:01:33]}
76. Rxh4 {[%clk 0:03:16]} 76... Kd5 {[%clk 0:01:58]} 77. Kb6 {[%clk 0:03:40]}
77... e5 {[%clk 0:02:14]} 78. dxe5 {[%clk 0:04:01]} 78... Kxe5 {[%clk 0:02:41]}
79. Kc5 {[%clk 0:04:20]} 79... Kf5 {[%clk 0:03:04]} 80. Kd5 {[%clk 0:04:16]}
80... Kg5 {[%clk 0:03:26]} 81. Rg4+ {[%clk 0:04:08]} 81... Kf5 {[%clk 0:03:47]}
82. Kd4 {[%clk 0:04:16]} 82... Kf6 {[%clk 0:04:07]} 83. Ke4 {[%clk 0:04:37]}
83... Ke6 {[%clk 0:04:31]} 84. Rg6+ {[%clk 0:05:03]} 84... Kf7 {[%clk 0:04:54]}
85. Kf5 {[%clk 0:05:24]} 85... Ke7 {[%clk 0:05:16]} 86. Rh6 {[%clk 0:05:51]}
86... Kd7 {[%clk 0:05:34]} 87. Ke5 {[%clk 0:06:18]} 87... Kc7 {[%clk 0:05:53]}
88. Kd5 {[%clk 0:06:45]} 88... Kb7 {[%clk 0:06:16]} 89. Kc5 {[%clk 0:07:11]}
89... Ka7 {[%clk 0:06:37]} 90. Kb5 {[%clk 0:07:37]} 90... Kb7 {[%clk 0:07:00]}
91. Rh7+ {[%clk 0:08:04]} 91... Kc8 {[%clk 0:07:24]} 92. Kc6 {[%clk 0:08:19]}
92... Kd8 {[%clk 0:07:49]} 93. Ra7 {[%clk 0:08:43]} 93... Ke8 {[%clk 0:08:13]}
94. Kd6 {[%clk 0:09:08]} 94... Kf8 {[%clk 0:08:39]} 95. Ke6 {[%clk 0:09:34]}
95... Kg8 {[%clk 0:09:05]} 96. Kf6 {[%clk 0:10:00]} 96... Kh8 {[%clk 0:09:30]}
97. Kg6 {[%clk 0:10:25]} 97... Kg8 {[%clk 0:09:56]} 98. Ra8# 1-0

[Event "ODJM B 2018"]
[Site "Willingen GER"]
[Date "2018.05.26"]
[Round "9"]
[White "Diegel, Jonas"]
[Black "Klühs, Gustaf"]
[Result "1/2-1/2"]
[Termination "normal"]
[Board "9"]
[WhiteElo "1712"]
[BlackElo "1740"]
[WhiteClock "00:33:52"]
[BlackClock "00:28:53"]
[PlyCount "75"]
[WhiteFideId "16206061"]
[BlackFideId "16228936"]
[EventCountry "GER"]
[EventRounds "9"]
[EventType "swiss"]
[EventDate "2018.05.19"]

1. d4 {[%clk 1:30:58]} 1... Nf6 {[%clk 1:30:54]} 2. Nf3 {[%clk 1:31:00]} 2...
e6 {[%clk 1:31:15]} 3. Bg5 {[%clk 1:31:19]} 3... Be7 {[%clk 1:31:40]} 4. e3 {
[%clk 1:31:43]} 4... b6 {[%clk 1:31:54]} 5. Bd3 {[%clk 1:32:05]} 5... Bb7 {
[%clk 1:32:19]} 6. O-O {[%clk 1:32:30]} 6... O-O {[%clk 1:32:33]} 7. Qe2 {
[%clk 1:32:12]} 7... d5 {[%clk 1:27:07]} 8. c4 {[%clk 1:31:17]} 8... Nbd7 {
[%clk 1:26:50]} 9. Nc3 {[%clk 1:31:38]} 9... Ne4 {[%clk 1:26:09]} 10. Bf4 {
[%clk 1:30:07]} 10... Ndf6 {[%clk 1:19:37]} 11. Rfd1 {[%clk 1:28:49]} 11... Bd6
{[%clk 1:14:45]} 12. Bxd6 {[%clk 1:28:09]} 12... Nxd6 {[%clk 1:14:35]} 13. Rac1
{[%clk 1:26:40]} 13... Nfe4 {[%clk 1:11:30]} 14. Nd2 {[%clk 1:25:49]} 14...
Nxd2 {[%clk 1:06:00]} 15. Rxd2 {[%clk 1:25:56]} 15... dxc4 {[%clk 1:03:27]} 16.
Bxc4 {[%clk 1:25:18]} 16... Nxc4 {[%clk 1:03:33]} 17. Qxc4 {[%clk 1:25:40]}
17... Qg5 {[%clk 1:02:38]} 18. f4 {[%clk 1:24:42]} 18... Qe7 {[%clk 1:02:47]}
19. e4 {[%clk 1:24:12]} 19... Rac8 {[%clk 1:01:02]} 20. Rcd1 {[%clk 1:23:10]}
20... Qf6 {[%clk 0:54:45]} 21. Rf2 {[%clk 1:15:15]} 21... Rfd8 {[%clk 0:50:53]}
22. f5 {[%clk 1:02:35]} 22... e5 {[%clk 0:50:12]} 23. d5 {[%clk 0:59:12]} 23...
c6 {[%clk 0:49:48]} 24. Qe2 {[%clk 0:57:15]} 24... cxd5 {[%clk 0:49:54]} 25.
exd5 {[%clk 0:57:28]} 25... Qd6 {[%clk 0:45:40]} 26. Qg4 {[%clk 0:51:33]} 26...
f6 {[%clk 0:45:41]} 27. Ne4 {[%clk 0:50:24]} 27... Qf8 {[%clk 0:44:09]} 28.
Rfd2 {[%clk 0:49:42]} 28... Rd7 {[%clk 0:41:58]} 29. Qf3 {[%clk 0:42:34]} 29...
Rcd8 {[%clk 0:41:22]} 30. Nc3 {[%clk 0:42:43]} 30... Qc5+ {[%clk 0:34:19]} 31.
Qf2 {[%clk 0:40:38]} 31... Qxf2+ {[%clk 0:34:40]} 32. Kxf2 {[%clk 0:41:01]}
32... Rd6 {[%clk 0:33:32]} 33. Ke3 {[%clk 0:39:49]} 33... a6 {[%clk 0:32:47]}
34. Ke4 {[%clk 0:36:10]} 34... Kf7 {[%clk 0:32:06]} 35. g4 {[%clk 0:36:04]}
35... h6 {[%clk 0:30:47]} 36. h4 {[%clk 0:36:21]} 36... R6d7 {[%clk 0:30:12]}
37. Rg1 {[%clk 0:33:52]} 37... b5 {[%clk 0:28:53]} 38. Rgd1 1/2-1/2

[Event "ODJM B 2018"]
[Site "Willingen GER"]
[Date "2018.05.26"]
[Round "9"]
[White "Reuter, Julian-Frank"]
[Black "Adelmeyer, Matti"]
[Result "1-0"]
[Termination "normal"]
[Board "10"]
[WhiteElo "1652"]
[BlackElo "1733"]
[WhiteClock "00:20:31"]
[BlackClock "00:12:30"]
[PlyCount "167"]
[WhiteFideId "16256182"]
[BlackFideId "12962520"]
[EventCountry "GER"]
[EventRounds "9"]
[EventType "swiss"]
[EventDate "2018.05.19"]

1. e4 {[%clk 1:30:58]} 1... e5 {[%clk 1:30:39]} 2. Nf3 {[%clk 1:31:24]} 2...
Nc6 {[%clk 1:31:06]} 3. Bc4 {[%clk 1:31:51]} 3... Bc5 {[%clk 1:31:31]} 4. d3 {
[%clk 1:32:18]} 4... h6 {[%clk 1:30:16]} 5. c3 {[%clk 1:32:43]} 5... d6 { [%clk
1:30:12]} 6. Nbd2 {[%clk 1:33:05]} 6... Nf6 {[%clk 1:30:16]} 7. Nf1 { [%clk
1:33:26]} 7... O-O {[%clk 1:28:01]} 8. Ng3 {[%clk 1:33:51]} 8... Bb6 { [%clk
1:21:02]} 9. Bb3 {[%clk 1:34:11]} 9... Be6 {[%clk 1:19:52]} 10. Bc2 { [%clk
1:33:49]} 10... Re8 {[%clk 1:16:38]} 11. O-O {[%clk 1:34:10]} 11... d5 { [%clk
1:11:48]} 12. Qe2 {[%clk 1:33:22]} 12... d4 {[%clk 1:08:44]} 13. Nh4 { [%clk
1:31:39]} 13... Bg4 {[%clk 1:04:05]} 14. Qe1 {[%clk 1:30:07]} 14... Nh5 { [%clk
0:51:16]} 15. Nhf5 {[%clk 1:27:34]} 15... Nxg3 {[%clk 0:50:08]} 16. Nxg3 {[%clk
1:27:53]} 16... Qd6 {[%clk 0:47:27]} 17. Kh1 {[%clk 1:26:29]} 17... Rad8 {[%clk
0:44:03]} 18. c4 {[%clk 1:23:51]} 18... Ne7 {[%clk 0:31:52]} 19. f4 { [%clk
1:15:48]} 19... exf4 {[%clk 0:30:08]} 20. Bxf4 {[%clk 1:16:07]} 20... Qd7
{[%clk 0:29:59]} 21. Bd1 {[%clk 1:14:02]} 21... Ng6 {[%clk 0:28:08]} 22. Bxg4 {
[%clk 1:11:42]} 22... Qxg4 {[%clk 0:28:19]} 23. Bd2 {[%clk 1:11:49]} 23... Ne5
{[%clk 0:27:12]} 24. Rf4 {[%clk 1:07:35]} 24... Qg6 {[%clk 0:25:39]} 25. Qe2 {
[%clk 1:06:30]} 25... c5 {[%clk 0:20:41]} 26. Nf5 {[%clk 1:05:53]} 26... Bc7 {
[%clk 0:18:46]} 27. Rh4 {[%clk 1:04:17]} 27... Re6 {[%clk 0:09:54]} 28. Bf4 {
[%clk 0:52:19]} 28... Qf6 {[%clk 0:05:07]} 29. Rf1 {[%clk 0:43:36]} 29... Rd7 {
[%clk 0:03:16]} 30. Rh3 {[%clk 0:37:01]} 30... b6 {[%clk 0:01:53]} 31. Rg3 {
[%clk 0:36:59]} 31... g5 {[%clk 0:01:40]} 32. h4 {[%clk 0:34:21]} 32... Kf8 {
[%clk 0:01:03]} 33. hxg5 {[%clk 0:32:55]} 33... hxg5 {[%clk 0:01:03]} 34. Bxg5
{[%clk 0:33:19]} 34... Qh8+ {[%clk 0:00:46]} 35. Rh3 {[%clk 0:33:27]} 35... Qg8
{[%clk 0:00:50]} 36. Bh6+ {[%clk 0:32:38]} 36... Rxh6 {[%clk 0:00:54]} 37. Rxh6
{[%clk 0:32:45]} 37... Ng4 {[%clk 0:00:48]} 38. Rh4 {[%clk 0:28:27]} 38... Ne5
{[%clk 0:00:44]} 39. Qh5 {[%clk 0:26:00]} 39... Nxd3 {[%clk 0:00:33]} 40. Qh8 {
[%clk 0:26:17]} 40... Ne5 {[%clk 0:00:44]} 41. Qf6 {[%clk 0:25:48]} 41... Ng6 {
[%clk 0:30:12]} 42. Rh6 {[%clk 0:56:06]} 42... Bd8 {[%clk 0:29:14]} 43. Qc6 {
[%clk 0:52:19]} 43... Ne5 {[%clk 0:29:21]} 44. Qa4 {[%clk 0:52:30]} 44... Bg5 {
[%clk 0:27:58]} 45. Rh3 {[%clk 0:47:06]} 45... f6 {[%clk 0:27:26]} 46. Kg1 {
[%clk 0:44:52]} 46... Rh7 {[%clk 0:23:25]} 47. Qa6 {[%clk 0:43:57]} 47... Rc7 {
[%clk 0:18:24]} 48. Kf2 {[%clk 0:40:10]} 48... Nxc4 {[%clk 0:17:42]} 49. Rfh1 {
[%clk 0:39:24]} 49... Be3+ {[%clk 0:16:36]} 50. Nxe3 {[%clk 0:32:34]} 50...
dxe3+ {[%clk 0:17:00]} 51. Kf3 {[%clk 0:25:39]} 51... Nd2+ {[%clk 0:14:20]} 52.
Kxe3 {[%clk 0:25:06]} 52... Qg5+ {[%clk 0:14:44]} 53. Kf2 {[%clk 0:22:03]}
53... Nxe4+ {[%clk 0:14:55]} 54. Kg1 {[%clk 0:22:26]} 54... Qc1+ { [%clk
0:14:28]} 55. Qf1 {[%clk 0:22:46]} 55... Qxf1+ {[%clk 0:14:42]} 56. Kxf1 {[%clk
0:23:11]} 56... Rg7 {[%clk 0:14:27]} 57. Rh8+ {[%clk 0:23:07]} 57... Kf7 {[%clk
0:14:28]} 58. R1h7 {[%clk 0:23:24]} 58... Nd2+ {[%clk 0:14:13]} 59. Ke2 {[%clk
0:22:56]} 59... Nc4 {[%clk 0:14:15]} 60. b3 {[%clk 0:22:51]} 60... Ne5 { [%clk
0:14:33]} 61. Rxg7+ {[%clk 0:22:55]} 61... Kxg7 {[%clk 0:14:58]} 62. Ra8 {[%clk
0:23:13]} 62... Nc6 {[%clk 0:15:10]} 63. Rc8 {[%clk 0:23:16]} 63... Nd4+ {[%clk
0:15:32]} 64. Kd3 {[%clk 0:23:19]} 64... Kg6 {[%clk 0:15:03]} 65. Rc7 { [%clk
0:23:25]} 65... Nb5 {[%clk 0:15:00]} 66. Rd7 {[%clk 0:22:47]} 66... Kf5 { [%clk
0:14:08]} 67. Kc4 {[%clk 0:22:03]} 67... Na3+ {[%clk 0:14:21]} 68. Kd5 { [%clk
0:22:10]} 68... Nb5 {[%clk 0:14:27]} 69. Kc6 {[%clk 0:22:17]} 69... Nd4+ {[%clk
0:14:27]} 70. Kb7 {[%clk 0:22:27]} 70... Nb5 {[%clk 0:13:47]} 71. Ka6 { [%clk
0:22:46]} 71... Nc3 {[%clk 0:13:49]} 72. a4 {[%clk 0:22:47]} 72... c4 { [%clk
0:13:31]} 73. bxc4 {[%clk 0:22:42]} 73... Nxa4 {[%clk 0:13:46]} 74. Rxa7 {[%clk
0:23:00]} 74... Nb2 {[%clk 0:14:00]} 75. Rc7 {[%clk 0:23:22]} 75... Ke5 {[%clk
0:13:35]} 76. Kxb6 {[%clk 0:23:39]} 76... Kd4 {[%clk 0:13:45]} 77. c5 { [%clk
0:22:50]} 77... Na4+ {[%clk 0:13:18]} 78. Kb5 {[%clk 0:23:15]} 78... Nc3+
{[%clk 0:13:39]} 79. Kc6 {[%clk 0:22:34]} 79... Ne4 {[%clk 0:13:41]} 80. Kb6 {
[%clk 0:21:16]} 80... Nc3 {[%clk 0:13:42]} 81. Rd7+ {[%clk 0:21:24]} 81... Kc4
{[%clk 0:13:22]} 82. c6 {[%clk 0:21:32]} 82... Na4+ {[%clk 0:13:16]} 83. Ka7 {
[%clk 0:21:14]} 83... Kc5 {[%clk 0:12:30]} 84. c7 {[%clk 0:20:31]  Kd5} 1-0

[Event "ODJM B 2018"]
[Site "Willingen GER"]
[Date "2018.05.26"]
[Round "9"]
[White "Noever, Niklas"]
[Black "Wieber, Dominik"]
[Result "1/2-1/2"]
[Termination "normal"]
[Board "11"]
[WhiteElo "1707"]
[BlackElo "1790"]
[WhiteClock "00:31:01"]
[BlackClock "00:45:43"]
[PlyCount "78"]
[WhiteFideId "12988642"]
[BlackFideId "24699012"]
[EventCountry "GER"]
[EventRounds "9"]
[EventType "swiss"]
[EventDate "2018.05.19"]

1. e4 {[%clk 1:30:57]} 1... e5 {[%clk 1:30:55]} 2. Nf3 {[%clk 1:31:24]} 2...
Nc6 {[%clk 1:31:21]} 3. Bb5 {[%clk 1:31:46]} 3... Nf6 {[%clk 1:31:45]} 4. d3 {
[%clk 1:32:06]} 4... d6 {[%clk 1:32:08]} 5. c3 {[%clk 1:32:14]} 5... Be7 {
[%clk 1:32:25]} 6. Be3 {[%clk 1:31:50]} 6... Bg4 {[%clk 1:23:33]} 7. Nbd2 {
[%clk 1:31:55]} 7... O-O {[%clk 1:23:24]} 8. Nf1 {[%clk 1:31:26]} 8... a6 {
[%clk 1:23:29]} 9. Ba4 {[%clk 1:31:42]} 9... b5 {[%clk 1:23:42]} 10. Bc2 {
[%clk 1:31:39]} 10... d5 {[%clk 1:23:26]} 11. Ng3 {[%clk 1:29:03]} 11... d4 {
[%clk 1:20:18]} 12. Bd2 {[%clk 1:25:19]} 12... dxc3 {[%clk 1:16:58]} 13. bxc3 {
[%clk 1:25:37]} 13... b4 {[%clk 1:16:51]} 14. O-O {[%clk 1:25:40]} 14... bxc3 {
[%clk 1:15:19]} 15. Bxc3 {[%clk 1:25:41]} 15... Nd4 {[%clk 1:15:35]} 16. Bxd4 {
[%clk 1:25:46]} 16... exd4 {[%clk 1:15:32]} 17. h3 {[%clk 1:25:48]} 17... Be6 {
[%clk 1:12:29]} 18. Bb3 {[%clk 1:21:21]} 18... Bxb3 {[%clk 1:08:12]} 19. Qxb3 {
[%clk 1:20:12]} 19... Bc5 {[%clk 1:07:17]} 20. Ne2 {[%clk 1:18:06]} 20... Bb6 {
[%clk 1:06:34]} 21. Qc4 {[%clk 1:17:23]} 21... c5 {[%clk 1:06:56]} 22. Rab1 {
[%clk 1:16:48]} 22... Nd7 {[%clk 1:03:25]} 23. Nf4 {[%clk 1:14:39]} 23... Bc7 {
[%clk 0:59:06]} 24. Nd5 {[%clk 1:13:40]} 24... Bd6 {[%clk 0:58:11]} 25. Rb7 {
[%clk 1:12:39]} 25... a5 {[%clk 0:56:31]} 26. Qb5 {[%clk 1:08:48]} 26... Nf6 {
[%clk 0:55:21]} 27. Nxf6+ {[%clk 1:06:12]} 27... Qxf6 {[%clk 0:55:38]} 28. e5 {
[%clk 0:59:59]} 28... Bxe5 {[%clk 0:55:21]} 29. Qxc5 {[%clk 0:58:03]} 29...
Rfe8 {[%clk 0:51:06]} 30. Nxe5 {[%clk 0:46:35]} 30... Qxe5 {[%clk 0:51:16]} 31.
Qxe5 {[%clk 0:46:48]} 31... Rxe5 {[%clk 0:51:10]} 32. Rd7 {[%clk 0:46:53]}
32... Re2 {[%clk 0:51:20]} 33. a4 {[%clk 0:47:08]} 33... Ra2 {[%clk 0:51:09]}
34. Rxd4 {[%clk 0:47:29]} 34... g6 {[%clk 0:51:35]} 35. Rc4 {[%clk 0:43:39]}
35... Rd2 {[%clk 0:48:53]} 36. d4 {[%clk 0:43:50]} 36... Kg7 {[%clk 0:48:51]}
37. Re1 {[%clk 0:42:22]} 37... h6 {[%clk 0:45:55]} 38. Kf1 {[%clk 0:30:55]}
38... Rb8 {[%clk 0:45:35]} 39. Kg1 {[%clk 0:31:01]} 39... Rbb2 {[%clk 0:45:43]}
1/2-1/2